[Event "San Sebastian de los Reyes op 15th"]
[Site "San Sebastian"]
[Date "2013.11.30"]
[Round "1"]
[White "Anton Quevedo, Andrea"]
[Black "Castejon Caballero, Natalia"]
[Result "0-1"]
[WhiteElo "1504"]
[BlackElo "2011"]
[PlyCount "74"]
[EventDate "2013.11.30"]
[EventType "swiss"]
[EventRounds "9"]
[EventCountry "ESP"]
[SourceTitle "CBM 157 Extra"]
[Source "ChessBase"]
[SourceDate "2013.12.19"]
[SourceVersion "1"]
[SourceVersionDate "2013.12.19"]
[SourceQuality "1"]

1. e4 c5 2. Nf3 d6 3. d4 cxd4 4. Nxd4 Nf6 5. Nc3 g6 6. f3 Bg7 7. Be3 0-0 8. Qd2 Nc6 9. 0-0-0 d5 10. h3 e5 11. Nxc6 bxc6 12. exd5 cxd5 13. Nxd5 Be6 14. Nxf6+ Bxf6 15. Qb4 Qc7 16. Bd3 Rab8 17. Qc5 Qb7 18. b3 Rfc8 19. Qxa7 Qb4 20. Bd2 Qf8 21. Be4 Ra8 22. Bxa8 Rxa8 23. Qxa8 Qxa8 24. Kb1 e4 25. fxe4 Qxe4 26. g4 Qd4 27. c3 Qd3+ 28. Kb2 Qa6 29. a4 Qb6 30. b4 Qxb4+ 31. Kc1 Qa3+ 32. Kc2 Bb3+ 33. Kd3 Bxd1 34. Rxd1 Qxa4 35. Rb1 Qa6+ 36. Ke4 Qe2+ 37. Be3 Bg5 0-1

[Event "San Sebastian de los Reyes op 12th"]
[Site "San Sebastian"]
[Date "2010.12.04"]
[Round "5"]
[White "Castejon Caballero, Natalia"]
[Black "Camarero Izquierdo, Juan Carlos"]
[Result "1-0"]
[WhiteElo "2079"]
[BlackElo "1941"]
[PlyCount "91"]
[EventDate "2010.11.30"]
[EventType "swiss"]
[EventRounds "9"]
[EventCountry "ESP"]
[SourceTitle "CBM 139 Extra"]
[Source "ChessBase"]
[SourceDate "2011.01.05"]
[SourceVersion "1"]
[SourceVersionDate "2011.01.05"]
[SourceQuality "1"]

1. e4 c6 2. d4 d5 3. e5 Bf5 4. Nc3 h5 5. Be2 g6 6. Nf3 Bg4 7. Ng5 Bxe2 8. Qxe2 e6 9. Qf3 Nh6 10. Ne2 Be7 11. h4 Nd7 12. c3 Qb6 13. a4 Bxg5 14. a5 Bd2+ 15. Kxd2 Qc7 16. Rd1 Nf5 17. g3 c5 18. Ke1 Rc8 19. Bg5 cxd4 20. cxd4 0-0 21. g4 hxg4 22. Qxg4 Qc4 23. Qf4 f6 24. exf6 Nxf6 25. Qe5 Ne4 26. Qxe6+ Kh7 27. Rac1 Qb4+ 28. Bd2 Nxd2 29. Rxc8 Nc4+ 30. Nc3 Rxc8 31. Qxc8 Nxb2 32. Rb1 Nd3+ 33. Kf1 Qxd4 34. Rxb7+ Ng7 35. Rf7 Qxh4 36. Rf8 Qh1+ 37. Ke2 Nf4+ 38. Rxf4 Qc1 39. Rh4+ Nh5 40. Qd7+ Kh6 41. Nxd5 Qc2+ 42. Ke3 Qc1+ 43. Kf3 Qd1+ 44. Kg2 Kg5 45. Qe7+ Kh6 46. Ne3 1-0

[Event "San Sebastian Constitucion op 11th"]
[Site "San Sebastian"]
[Date "2009.12.08"]
[Round "9"]
[White "Elissalt Cardenas, Hector"]
[Black "Castejon Caballero, Natalia"]
[Result "1-0"]
[WhiteElo "2358"]
[BlackElo "2102"]
[PlyCount "93"]
[EventDate "2009.11.30"]
[EventType "swiss"]
[EventRounds "9"]
[EventCountry "ESP"]
[SourceTitle "CBM 133 Extra"]
[Source "ChessBase"]
[SourceDate "2010.01.05"]
[SourceVersion "1"]
[SourceVersionDate "2010.01.05"]
[SourceQuality "1"]

1. d4 d5 2. c4 c6 3. Nf3 Nf6 4. Nbd2 Bf5 5. g3 e6 6. Bg2 Bd6 7. b3 Nbd7 8. Bb2 0-0 9. 0-0 a5 10. Nh4 Bg6 11. Nxg6 hxg6 12. Qc2 e5 13. e3 Qe7 14. cxd5 Nxd5 15. Nc4 Nb4 16. Qd2 Bc7 17. a3 Nd5 18. Bxd5 cxd5 19. Nxe5 Nxe5 20. dxe5 Bxe5 21. Bxe5 Qxe5 22. Rfd1 Rfd8 23. Rac1 a4 24. b4 Rac8 25. Rxc8 Rxc8 26. Qxd5 Qb2 27. Qxb7 Rc1 28. Qa8+ Kh7 29. Qxa4 Rxd1+ 30. Qxd1 Qxa3 31. Qb1 Qa6 32. b5 Qb6 33. h4 Kh6 34. Qb4 g5 35. hxg5+ Kxg5 36. Qd4 Qb7 37. Qxg7+ Kf5 38. g4+ Ke4 39. Qd4+ Kf3 40. Qc4 Qa7 41. Qd4 Qa2 42. Qd1+ Ke4 43. Kg2 Ke5 44. Qd4+ Ke6 45. Qe4+ Kd6 46. Qc6+ Ke7 47. b6 1-0

[Event "San Sebastian Constitucion op 11th"]
[Site "San Sebastian"]
[Date "2009.11.30"]
[Round "1"]
[White "Infante Martin, Alonso"]
[Black "Castejon Caballero, Natalia"]
[Result "0-1"]
[WhiteElo "1518"]
[BlackElo "2102"]
[PlyCount "68"]
[EventDate "2009.11.30"]
[EventType "swiss"]
[EventRounds "9"]
[EventCountry "ESP"]
[SourceTitle "CBM 133 Extra"]
[Source "ChessBase"]
[SourceDate "2010.01.05"]
[SourceVersion "1"]
[SourceVersionDate "2010.01.05"]
[SourceQuality "1"]

1. d4 d5 2. c4 c6 3. Nf3 Nf6 4. Bg5 Ne4 5. Bf4 g6 6. Qc2 Bg7 7. e3 Nd7 8. Nc3 Ndf6 9. h3 0-0 10. Bd3 Be6 11. b3 Qa5 12. Rc1 Rac8 13. 0-0 b5 14. c5 Nxc3 15. Qxc3 b4 16. Qc2 Nh5 17. Bh2 Qd8 18. Ng5 Bd7 19. Be2 Bf5 20. e4 dxe4 21. Bxh5 gxh5 22. Nxe4 Qxd4 23. Rfe1 Bh6 24. Rcd1 Qg7 25. Qe2 Bxh3 26. Ng3 Bg4 27. f3 Be6 28. Nxh5 Qg6 29. Ng3 Bg5 30. Ne4 Bh4 31. Rf1 f5 32. Nf2 f4 33. Nd3 Bg3 34. Ne5 Qh6 0-1

[Event "San Sebastian Constitucion op 10th"]
[Site "San Sebastian"]
[Date "2008.12.03"]
[Round "4"]
[White "Elissalt Cardenas, Hector"]
[Black "Castejon Caballero, Natalia"]
[Result "1-0"]
[WhiteElo "2314"]
[BlackElo "2084"]
[PlyCount "115"]
[EventDate "2008.11.30"]
[EventType "swiss"]
[EventRounds "9"]
[EventCountry "ESP"]
[SourceTitle "CBM 127 Extra"]
[Source "ChessBase"]
[SourceDate "2009.01.08"]
[SourceVersion "2"]
[SourceVersionDate "2009.01.28"]
[SourceQuality "1"]

1. d4 d5 2. Nf3 Nf6 3. Nbd2 c6 4. e3 g6 5. c4 Bg7 6. b3 0-0 7. Bd3 Re8 8. Bb2 Nbd7 9. h3 Nf8 10. Qc2 Be6 11. 0-0 Rc8 12. Rad1 Qc7 13. Ng5 h6 14. Nxe6 Nxe6 15. c5 Nf8 16. b4 N8d7 17. f4 e6 18. a4 b6 19. Rc1 bxc5 20. bxc5 Rb8 21. Bc3 Nh5 22. g4 Nhf6 23. Kg2 Qd8 24. a5 Nh7 25. Nf3 f5 26. a6 Nhf6 27. g5 Ne4 28. Bd2 hxg5 29. Bxe4 dxe4 30. Nxg5 Bh6 31. h4 Nf6 32. Rb1 Qd7 33. Rxb8 Rxb8 34. Rb1 Rxb1 35. Qxb1 Bxg5 36. hxg5 Nd5 37. Qb7 Qc7 38. Kf2 Kf8 39. Qa8+ Kg7 40. Qe8 Ne7 41. Ba5 Qxa5 42. Qxe7+ Kh8 43. Qf8+ Kh7 44. Qh6+ Kg8 45. Qxg6+ Kh8 46. Qh6+ Kg8 47. Qxe6+ Kh8 48. Qh6+ Kg8 49. Qg6+ Kh8 50. Qh5+ Kg8 51. Qe2 Qa1 52. Qc2 Qh1 53. Qb3+ Kg7 54. Qb7+ Kg8 55. Qc8+ Kg7 56. Qd7+ Kg8 57. Qe6+ Kf8 58. Qh6+ 1-0

[Event "San Sebastian Constitucion op 10th"]
[Site "San Sebastian"]
[Date "2008.12.01"]
[Round "2"]
[White "Castejon Caballero, Natalia"]
[Black "Roa Alonso, Santiago"]
[Result "0-1"]
[WhiteElo "2084"]
[BlackElo "2457"]
[PlyCount "84"]
[EventDate "2008.11.30"]
[EventType "swiss"]
[EventRounds "9"]
[EventCountry "ESP"]
[SourceTitle "CBM 127 Extra"]
[Source "ChessBase"]
[SourceDate "2009.01.08"]
[SourceVersion "2"]
[SourceVersionDate "2009.01.28"]
[SourceQuality "1"]

1. e4 c5 2. c3 Nf6 3. e5 Nd5 4. d4 cxd4 5. Nf3 Nc6 6. cxd4 d6 7. Bc4 e6 8. 0-0 dxe5 9. dxe5 Be7 10. Qe2 Nb6 11. Rd1 Qc7 12. Bb3 Nd7 13. Bf4 Nc5 14. Bc2 Nb4 15. Qb5+ Nd7 16. Be4 a6 17. Qe2 Nc5 18. Nc3 Bd7 19. Rac1 Bc6 20. Bxc6+ Nxc6 21. Ne4 Nxe4 22. Qxe4 0-0 23. Nd4 Rac8 24. Nxc6 bxc6 25. Rc3 Qb6 26. Rh3 g6 27. Be3 Rfd8 28. Rb1 Qxb2 29. g3 Qxa2 30. Rc1 Rd5 31. Qf4 Bf8 32. Qh4 h5 33. Qg5 Qe2 34. Rh4 Rcd8 35. Rf4 Rd1+ 36. Rxd1 Rxd1+ 37. Kg2 Qf1+ 38. Kf3 Qh1+ 39. Ke2 Rd7 40. Bd2 Qd5 41. Rf6 Qd3+ 42. Ke1 Bb4 0-1

[Event "ESP-ch Universities"]
[Site "Madrid"]
[Date "2008.05.10"]
[Round "8"]
[White "Castejon Caballero, Natalia"]
[Black "Garcia Rodriguez, Vanessa"]
[Result "0-1"]
[WhiteElo "2079"]
[BlackElo "1967"]
[PlyCount "66"]
[EventDate "2008.05.08"]
[EventType "swiss"]
[EventRounds "9"]
[EventCountry "ESP"]
[SourceTitle "CBM 124 Extra"]
[Source "ChessBase"]
[SourceDate "2008.07.03"]
[SourceVersion "1"]
[SourceVersionDate "2008.07.03"]
[SourceQuality "1"]

1. e4 e5 2. Nf3 Nc6 3. Bc4 Be7 4. c3 Nf6 5. d3 0-0 6. Bb3 d5 7. Nbd2 Bg4 8. 0-0 dxe4 9. dxe4 Bc5 10. Qe2 Qe7 11. Bc2 Rad8 12. b4 Bxb4 13. cxb4 Nd4 14. Qc4 b5 15. Qc5 Qxc5 16. bxc5 Nxc2 17. Rb1 a6 18. Rb2 Nd4 19. Nxe5 Ne2+ 20. Kh1 Nxc1 21. Rxc1 Rfe8 22. f4 Rd4 23. Nc6 Ra4 24. h3 Bd7 25. Ne5 Be6 26. g4 Nxe4 27. Nxe4 Rxe4 28. Rf2 f6 29. Nd3 Re3 30. Nb4 a5 31. Na6 Re7 32. Rd2 Rxh3+ 33. Kg2 Bxg4 0-1

[Event "ESP-ch Universities"]
[Site "Madrid"]
[Date "2008.05.10"]
[Round "7"]
[White "Ceron Carrion, Cesar"]
[Black "Castejon Caballero, Natalia"]
[Result "1-0"]
[WhiteElo "1966"]
[BlackElo "2079"]
[PlyCount "73"]
[EventDate "2008.05.08"]
[EventType "swiss"]
[EventRounds "9"]
[EventCountry "ESP"]
[SourceTitle "CBM 124 Extra"]
[Source "ChessBase"]
[SourceDate "2008.07.03"]
[SourceVersion "1"]
[SourceVersionDate "2008.07.03"]
[SourceQuality "1"]

1. e4 c5 2. Nf3 d6 3. d4 cxd4 4. Nxd4 Nf6 5. Nc3 g6 6. f3 Bg7 7. Be3 0-0 8. Qd2 Nc6 9. g4 Be6 10. h4 h5 11. Nxe6 fxe6 12. Bh6 Ne5 13. Be2 d5 14. Qg5 Nh7 15. Qd2 hxg4 16. fxg4 d4 17. Nb5 d3 18. Bxg7 Kxg7 19. Qc3 dxe2 20. Qxe5+ Nf6 21. Nc7 Qd6 22. Qxd6 exd6 23. Nxe6+ Kg8 24. Nxf8 Rxf8 25. Kxe2 Nxe4 26. Rh2 d5 27. Rd1 Ng3+ 28. Kd3 Ne4 29. Re1 Nf2+ 30. Kd2 Nxg4 31. Rg2 Rf4 32. Re7 Rb4 33. b3 Kf8 34. c3 Rf4 35. Rxb7 Ne5 36. Rxa7 Nf3+ 37. Ke3 1-0

[Event "Parla op 22nd"]
[Site "Parla"]
[Date "2007.09.05"]
[Round "5"]
[White "Castejon Caballero, Natalia"]
[Black "Ortiz Suarez, Isan Reynaldo"]
[Result "1-0"]
[WhiteElo "2060"]
[BlackElo "2390"]
[PlyCount "129"]
[EventDate "2007.09.01"]
[EventType "swiss"]
[EventRounds "9"]
[EventCountry "ESP"]
[SourceTitle "CBM 120 Extra"]
[Source "ChessBase"]
[SourceDate "2007.11.01"]
[SourceVersion "1"]
[SourceVersionDate "2007.11.01"]
[SourceQuality "1"]

1. e4 c5 2. Nf3 e6 3. d4 cxd4 4. Nxd4 Nf6 5. Nc3 d6 6. Be3 a6 7. f3 b5 8. g4 h6 9. Qd2 Nbd7 10. 0-0-0 Ne5 11. a3 Nfd7 12. g5 Nb6 13. b3 d5 14. exd5 Bxa3+ 15. Kb1 Bb4 16. dxe6 Nd5 17. exf7+ Kxf7 18. g6+ Nxg6 19. Nde2 Be6 20. Bd4 Qc8 21. Ne4 Bxd2 22. Nd6+ Kg8 23. Nxc8 Be3 24. Nb6 Bxd4 25. Nxa8 Bf6 26. Nb6 Nxb6 27. Rd6 Kf7 28. Rxb6 Rd8 29. Nc1 Nf4 30. Bd3 Nd5 31. Rb7+ Kg8 32. Ne2 Nb4 33. Nf4 Bxb3 34. cxb3 Nxd3 35. Nh5 Be5 36. Rd1 Rd5 37. Ng3 a5 38. Nf5 Kh7 39. Ne3 Rd8 40. Rxb5 Bxh2 41. Ng4 Bc7 42. Rb7 Nc5 43. Rxd8 Bxd8 44. Rb5 Ne6 45. Rd5 Kg6 46. f4 Nxf4 47. Rxd8 h5 48. Nh2 Kf5 49. Ra8 Kg5 50. Rxa5+ Kh4 51. b4 Kg3 52. Nf1+ Kg4 53. b5 Nd5 54. Kc2 g5 55. Ra4+ Kf3 56. Rd4 Nb6 57. Nd2+ Kg3 58. Ne4+ Kf4 59. Nd2+ Kf5 60. Rd6 Nc8 61. Rh6 h4 62. b6 Nxb6 63. Rxb6 g4 64. Rb4 Kg5 65. Kd1 1-0

[Event "ESP-chT Autonomicas"]
[Site "Padron"]
[Date "2006.10.07"]
[Round "5.3"]
[White "Arce Calva, Elvira"]
[Black "Castejon Caballero, Natalia"]
[Result "1-0"]
[WhiteElo "1756"]
[BlackElo "2063"]
[PlyCount "57"]
[EventDate "2006.10.05"]
[EventType "team-swiss"]
[EventRounds "6"]
[EventCountry "ESP"]
[SourceTitle "EXT 2018"]
[Source "ChessBase"]
[SourceDate "2017.10.13"]
[SourceVersion "1"]
[SourceVersionDate "2017.10.13"]
[SourceQuality "1"]
[WhiteTeam "Cantabria"]
[BlackTeam "Madrid"]
[WhiteTeamCountry "ESP"]
[BlackTeamCountry "ESP"]

1. e4 c5 2. Nc3 Nc6 3. Nge2 g6 4. d4 cxd4 5. Nxd4 Bg7 6. Be3 d6 7. f3 Nf6 8. Qd2 0-0 9. g4 Be6 10. 0-0-0 Rc8 11. h4 Ne5 12. h5 Bc4 13. hxg6 fxg6 14. Bh6 Bxh6 15. Qxh6 Nf7 16. Qd2 Qa5 17. Bxc4 Rxc4 18. f4 Rfc8 19. Rh3 e5 20. Nde2 b5 21. fxe5 dxe5 22. Rf1 Nxg4 23. Qd5 R4c7 24. Qe6 Ngh6 25. Rxh6 Qb6 26. Qxb6 axb6 27. Rh2 b4 28. Nd5 Nd6 29. Nxc7 1-0

[Event "Galapagar op 07th"]
[Site "Galapagar"]
[Date "2006.07.23"]
[Round "2"]
[White "Castejon Caballero, Natalia"]
[Black "Semprun Martinez, Fernando M"]
[Result "1/2-1/2"]
[WhiteElo "1995"]
[BlackElo "2166"]
[PlyCount "41"]
[EventDate "2006.07.22"]
[EventType "swiss"]
[EventRounds "7"]
[EventCountry "ESP"]
[SourceTitle "EXT 2007"]
[Source "ChessBase"]
[SourceDate "2006.11.23"]
[SourceVersion "1"]
[SourceVersionDate "2006.11.23"]
[SourceQuality "1"]

1. e4 c5 2. Nf3 d6 3. d4 cxd4 4. Nxd4 Nf6 5. Nc3 g6 6. g3 Nc6 7. Nde2 Bg7 8. Bg2 0-0 9. 0-0 Rb8 10. a4 a6 11. h3 b5 12. axb5 axb5 13. Be3 Nd7 14. Ra2 Nc5 15. b3 Be6 16. f4 Qc8 17. Kh2 Nb4 18. Ra7 Nc6 19. Ra2 Nb4 20. Ra7 Nc6 21. Ra2 1/2-1/2

[Event "ESP-ch U18"]
[Site "Banos de Montemayor"]
[Date "2006.07.08"]
[Round "1"]
[White "Pena Gomez, Manuel"]
[Black "Castejon Caballero, Natalia"]
[Result "1-0"]
[WhiteElo "2337"]
[BlackElo "1995"]
[PlyCount "75"]
[EventDate "2006.07.08"]
[EventType "swiss"]
[EventRounds "9"]
[EventCountry "ESP"]
[SourceTitle "EXT 2007"]
[Source "ChessBase"]
[SourceDate "2006.11.23"]
[SourceVersion "1"]
[SourceVersionDate "2006.11.23"]
[SourceQuality "1"]

1. c4 c6 2. Nf3 d5 3. e3 Nf6 4. Qc2 g6 5. d3 Bg7 6. Be2 0-0 7. 0-0 Re8 8. b3 e5 9. Bb2 Nbd7 10. Nbd2 a5 11. Rac1 h6 12. cxd5 Nxd5 13. a3 f5 14. Nc4 Qc7 15. d4 e4 16. Nfe5 Nxe5 17. dxe5 Bf8 18. Nd6 Bxd6 19. exd6 Qxd6 20. Bc4 Kh7 21. f3 Qe7 22. Bxd5 cxd5 23. fxe4 dxe4 24. Qc7 Be6 25. Qe5 Rac8 26. Rxc8 Bxc8 27. Qxa5 Qg5 28. Rc1 Bd7 29. Qd5 Qe7 30. Rc7 Rd8 31. Rxb7 h5 32. a4 Kh6 33. Qd4 h4 34. h3 Qf7 35. Qd6 Qe8 36. Qf4+ g5 37. Rb6+ Be6 38. Qxf5 1-0